[Event "KONIK MORSKI REWALA 2013-B"]
[Site "Rewal"]
[Date "2013.08.22"]
[Round "3.9"]
[White "Skomial, Mateusz"]
[Black "Powalka, Michal"]
[Result "0-1"]
[WhiteElo "2014"]
[BlackElo "1768"]
[PlyCount "92"]
[EventDate "2013.??.??"]

1. e4 e5 2. Nf3 Nc6 3. Bb5 a6 4. Ba4 Nf6 5. O-O Be7 6. Re1 b5 7. Bb3 O-O 8. c3
d6 9. d3 Na5 10. Bc2 c5 11. Nbd2 Qc7 12. Nf1 Re8 13. Bg5 h6 14. Bh4 Be6 15. Ne3
Rad8 16. Qd2 Nc6 17. Bb3 Na5 18. Bc2 Nc6 19. Qe2 d5 20. Bxf6 Bxf6 21. exd5 Bxd5
22. Nxd5 Rxd5 23. Nd2 Rdd8 24. Ne4 Be7 25. Qh5 Bf8 26. Re3 Ne7 27. Bb3 c4 28.
dxc4 bxc4 29. Ba4 Nc6 30. Rg3 Re6 31. Bc2 Ne7 32. Ng5 Rf6 33. Nh7 Rb6 34. Qg4
g6 35. Nxf8 Kxf8 36. b4 Rd2 37. Rc1 Rbd6 38. h4 Nd5 39. Qe4 Nf4 40. Re3 R6d5
41. Rce1 Qe7 42. Qf3 Qxh4 43. Be4 Rd6 44. g3 Qg5 45. Kf1 Nh3 46. R3e2 Rxe2 0-1

[Event "KONIK MORSKI REWALA 2013-B"]
[Site "Rewal"]
[Date "2013.08.22"]
[Round "3.10"]
[White "Ziaja, Krystian"]
[Black "Jedras, Piotr"]
[Result "1-0"]
[WhiteElo "1885"]
[BlackElo "2008"]
[PlyCount "53"]
[EventDate "2013.??.??"]

1. e4 c5 2. Nf3 d6 3. Bb5+ Nd7 4. O-O a6 5. Bxd7+ Bxd7 6. d4 cxd4 7. Qxd4 Nf6
8. Bg5 Bc6 9. Bxf6 gxf6 10. Nc3 Rg8 11. Nh4 e6 12. Rae1 f5 13. Nxf5 exf5 14.
exf5+ Kd7 15. Nd5 Bg7 16. Qd3 Qg5 17. Re7+ Kd8 18. Rxf7 Rc8 19. g3 Qh5 20. Re7
Bd7 21. f6 Bf8 22. f7 Rg6 23. Rfe1 Bxe7 24. Rxe7 Qh6 25. Qe3 Rc5 26. Re8+ Bxe8
27. Qxe8# 1-0

[Event "KONIK MORSKI REWALA 2013-B"]
[Site "Rewal"]
[Date "2013.08.22"]
[Round "3.11"]
[White "Zarubitski, Viachaslau"]
[Black "Parol, Pawel"]
[Result "1-0"]
[WhiteElo "1874"]
[BlackElo "1988"]
[PlyCount "49"]
[EventDate "2013.??.??"]

1. e4 e6 2. d3 d5 3. Nd2 Nf6 4. Ngf3 c5 5. g3 Be7 6. Bg2 Nc6 7. O-O O-O 8. e5
Nd7 9. Re1 b5 10. Nf1 a5 11. h4 Ba6 12. N1h2 b4 13. Bf4 a4 14. Ng5 Qb6 15. Qh5
h6 16. Ng4 Nd4 17. Nh3 Nf5 18. Nxh6+ gxh6 19. Bxh6 Nxh6 20. Qxh6 f6 21. Qg6+
Kh8 22. Nf4 fxe5 23. Nxe6 Bf6 24. Bxd5 Bb7 25. Qh6+ 1-0

[Event "KONIK MORSKI REWALA 2013-B"]
[Site "Rewal"]
[Date "2013.??.??"]
[Round "3.12"]
[White "Suliborski, Artur"]
[Black "Ancuta, Adam"]
[Result "0-1"]
[WhiteElo "1817"]
[BlackElo "1976"]
[PlyCount "78"]
[EventDate "2013.??.??"]

1. d4 Nf6 2. Nf3 e6 3. c4 d5 4. Nc3 c6 5. e3 Bd6 6. Qc2 Nbd7 7. g4 Nxg4 8. Rg1
h5 9. h3 Nh6 10. cxd5 exd5 11. Bd2 Nb6 12. O-O-O Qf6 13. Ng5 Be6 14. e4 Bf4 15.
e5 Bxd2+ 16. Rxd2 Qe7 17. Nxe6 Qxe6 18. Rxg7 O-O-O 19. Bd3 Rdg8 20. Rxg8+ Rxg8
21. b3 Qxh3 22. Nb5 Kb8 23. Nd6 h4 24. a4 Qg4 25. a5 Nc8 26. Qc5 Qe6 27. a6
Nxd6 28. exd6 b6 29. Qb4 Rg1+ 30. Rd1 Rxd1+ 31. Kxd1 h3 32. d7 Kc7 33. d8=Q+
Kxd8 34. Qf8+ Kd7 35. Qb8 Qd6 36. Qxa7+ Qc7 37. Qxc7+ Kxc7 38. Bf1 h2 39. Bg2
Nf5 0-1

[Event "KONIK MORSKI REWALA 2013-B"]
[Site "Rewal"]
[Date "2013.08.22"]
[Round "3.13"]
[White "Mulenko, Alexander"]
[Black "Jaskiewicz, Kamila"]
[Result "1-0"]
[WhiteElo "2042"]
[BlackElo "1676"]
[PlyCount "63"]
[EventDate "2013.??.??"]

1. d4 d5 2. Nf3 Nf6 3. c4 e6 4. Nc3 c6 5. g3 Bd6 6. Bg2 O-O 7. O-O Nbd7 8. Nd2
Bc7 9. e4 dxc4 10. Nxc4 e5 11. d5 cxd5 12. exd5 Nb6 13. Ne3 Re8 14. a4 Bd6 15.
a5 Nbd7 16. Nc4 Bf8 17. d6 a6 18. b4 h6 19. b5 Rb8 20. Be3 e4 21. Rb1 Ne5 22.
Nxe5 Rxe5 23. Bf4 Bg4 24. Qd4 Re6 25. h3 Bf5 26. d7 Ra8 27. bxa6 bxa6 28. Rfd1
Be7 29. Nd5 Nxd5 30. Qxd5 Bg6 31. Rbc1 Bg5 32. Qxa8 1-0

[Event "KONIK MORSKI REWALA 2013-B"]
[Site "Rewal"]
[Date "2013.08.22"]
[Round "3.14"]
[White "Raszkiewicz, Agnieszka"]
[Black "Jaskolka, Tomasz"]
[Result "1/2-1/2"]
[WhiteElo "1811"]
[BlackElo "2019"]
[PlyCount "170"]
[EventDate "2013.??.??"]

1. e4 c5 2. Nf3 Nc6 3. d4 cxd4 4. Nxd4 d5 5. Bb5 dxe4 6. Nxc6 Qxd1+ 7. Kxd1 a6
8. Ba4 Bd7 9. Nc3 Bxc6 10. Bxc6+ bxc6 11. Nxe4 e5 12. Be3 f5 13. Nc3 Nf6 14.
Ke2 Nd5 15. Bd2 Bd6 16. Rhe1 Kd7 17. Rad1 Rab8 18. Na4 Ke6 19. a3 Rhe8 20. c4
Nb6 21. Nxb6 Rxb6 22. Bc3 e4 23. g3 g5 24. b4 c5 25. Rxd6+ Rxd6 26. bxc5 Rd3
27. Bb4 a5 28. Bxa5 Rxa3 29. Bd2 Ra2 30. Rd1 Rd8 31. Ke1 f4 32. gxf4 gxf4 33.
Bxf4 Rxd1+ 34. Kxd1 Rxf2 35. Bg3 Ra2 36. c6 Ra6 37. c7 Rc6 38. Ke2 Rxc4 39. Kd2
h5 40. Ke3 Kd5 41. Bf4 h4 42. h3 Ke6 43. Bh2 Kd7 44. Be5 Ra4 45. Kf4 Ra3 46.
Kxe4 Rxh3 47. Kf5 Rg3 48. Ke4 Rg8 49. Kf3 h3 50. Kf2 Ke6 51. Bg3 Kf5 52. Kf3
Ra8 53. Bd6 Rg8 54. Bg3 Ke6 55. Kf2 Kd5 56. Kf3 Rf8+ 57. Kg4 Ke4 58. Bd6 Rh8
59. c8=Q Rxc8 60. Kxh3 Kf3 61. Kh2 Rc2+ 62. Kh1 Kf2 63. Bb8 Ra2 64. Bc7 Ra6 65.
Be5 Re6 66. Bb8 Re1+ 67. Kh2 Re8 68. Bg3+ Kf3 69. Bc7 Re6 70. Bb8 Rh6+ 71. Kg1
Rg6+ 72. Kh1 Rg7 73. Be5 Rg5 74. Bc7 Rb5 75. Bd6 Kf2 76. Bc7 Rb1+ 77. Kh2 Rb7
78. Bg3+ Kf1 79. Kh1 Rg7 80. Be5 Rg1+ 81. Kh2 Rg5 82. Bd4 Ke2 83. Kh1 Kf3 84.
Bg1 Rg2 85. Bb6 Rg6 1/2-1/2

[Event "KONIK MORSKI REWALA 2013-B"]
[Site "Rewal"]
[Date "2013.08.22"]
[Round "3.15"]
[White "Nowak, Ryszard"]
[Black "Biszof, Henryk"]
[Result "0-1"]
[WhiteElo "2006"]
[BlackElo "1730"]
[PlyCount "48"]
[EventDate "2013.??.??"]

1. c4 Nf6 2. Nc3 g6 3. g3 Bg7 4. Bg2 e5 5. Nf3 d6 6. d4 exd4 7. Nxd4 O-O 8. O-O
c6 9. e4 Nbd7 10. h3 Qb6 11. Nc2 Ne5 12. b3 Rd8 13. Be3 Qc7 14. Qd2 Bxh3 15. f4
Bxg2 16. fxe5 Nxe4 17. Qxg2 Nxc3 18. Bd4 Bxe5 19. Bxe5 dxe5 20. Qf3 e4 21. Qxc3
Rd3 22. Qe1 Rxg3+ 23. Kf2 e3+ 24. Ke2 Rg2+ 0-1

[Event "KONIK MORSKI REWALA 2013-B"]
[Site "Rewal"]
[Date "2013.08.22"]
[Round "3.16"]
[White "Kuciel, Wladyslaw"]
[Black "Murawko, Julia"]
[Result "0-1"]
[WhiteElo "1978"]
[BlackElo "1687"]
[PlyCount "34"]
[EventDate "2013.??.??"]

1. d4 d5 2. Nf3 Nf6 3. c4 e6 4. Nc3 Nbd7 5. e3 c6 6. Bd3 Bd6 7. b3 O-O 8. Bb2
Re8 9. O-O dxc4 10. bxc4 e5 11. Nb5 cxb5 12. dxe5 Nxe5 13. Nxe5 Bxe5 14. Bxe5
bxc4 15. Bxc4 Qxd1 16. Raxd1 Rxe5 17. Rd8+ Re8 0-1

[Event "KONIK MORSKI REWALA 2013-B"]
[Site "Rewal"]
[Date "2013.08.22"]
[Round "3.17"]
[White "Antolak, Julia"]
[Black "Jablonska, Sabina"]
[Result "1/2-1/2"]
[WhiteElo "1760"]
[BlackElo "1957"]
[PlyCount "96"]
[EventDate "2013.??.??"]

1. e4 d5 2. exd5 Qxd5 3. Nc3 Qd6 4. d4 Nf6 5. Nf3 a6 6. g3 Bg4 7. Bg2 Nc6 8.
Bf4 Qd7 9. Qd2 Bxf3 10. Bxf3 O-O-O 11. d5 Qf5 12. O-O-O e5 13. g4 Nxg4 14. Be4
Qh5 15. Bf3 exf4 16. h3 Nce5 17. hxg4 Nxf3 18. Rxh5 Nxd2 19. Rxd2 g6 20. Rh3
Bb4 21. g5 Rde8 22. Rd4 Bd6 23. Ne4 Be5 24. Rc4 Rd8 25. d6 Rd7 26. Nc5 Rxd6 27.
Nd3 f6 28. Re4 Re6 29. Nc5 Ree8 30. gxf6 Bxf6 31. Rxe8+ Rxe8 32. Rxh7 g5 33.
Rf7 Bd4 34. Nd3 c5 35. c3 c4 36. Nxf4 Bxf2 37. Nd5 Bg3 38. Nb6+ Kb8 39. Nxc4
Bf4+ 40. Kc2 Rg8 41. Nb6 Rd8 42. Nc4 Rg8 43. Nb6 Rd8 44. Nc4 Rh8 45. a4 Bc7 46.
Rg7 Rh4 47. Ne3 Rh3 48. Nd5 Bf4 1/2-1/2

[Event "KONIK MORSKI REWALA 2013-B"]
[Site "Rewal"]
[Date "2013.08.22"]
[Round "3.18"]
[White "Zhuk, Ivan"]
[Black "Najdzionek, Boleslaw"]
[Result "0-1"]
[WhiteElo "1746"]
[BlackElo "1911"]
[PlyCount "74"]
[EventDate "2013.??.??"]

1. d4 d5 2. c4 c6 3. Nc3 Nf6 4. Nf3 Nbd7 5. cxd5 cxd5 6. Bf4 e6 7. e3 a6 8. a4
Bb4 9. Bd3 Qa5 10. O-O O-O 11. Qc2 g6 12. Na2 Ne8 13. Nxb4 Qxb4 14. Ra3 Kg7 15.
Rc3 Nef6 16. Rc7 Nh5 17. Be5+ Kg8 18. Ng5 Qe7 19. f4 Ng7 20. Rf3 f5 21. Rh3 h5
22. Be2 Qe8 23. g4 Nxe5 24. dxe5 fxg4 25. Bxg4 d4 26. Bxh5 Nf5 27. Be2 Bd7 28.
Rh7 Rc8 29. Rhxd7 Qxd7 30. Nxe6 Rxc7 31. Nxc7 Rc8 32. Bc4+ Kh8 33. b3 Rxc7 34.
Qe4 dxe3 35. e6 Qg7 36. Qd5 Qd4 37. e7 Rc8 0-1

[Event "KONIK MORSKI REWALA 2013-B"]
[Site "Rewal"]
[Date "2013.08.22"]
[Round "3.19"]
[White "Burakowska, Gabriela"]
[Black "Zurek, Jacek"]
[Result "0-1"]
[WhiteElo "1691"]
[BlackElo "1898"]
[PlyCount "67"]
[EventDate "2013.??.??"]

1. d4 Nf6 2. Nf3 c5 3. d5 b5 4. c4 g6 5. cxb5 a6 6. b6 Qxb6 7. Nc3 d6 8. e4 Bg7
9. Nd2 O-O 10. Nc4 Qc7 11. Be2 Nbd7 12. O-O Nb6 13. f4 Nxc4 14. Bxc4 Rb8 15.
Qe2 Qb6 16. h3 Nd7 17. Qd3 Qa5 18. Rf2 Nb6 19. Be3 Nxc4 20. Qxc4 Bd7 21. Qd3
Rb4 22. Re1 Rfb8 23. b3 Rc8 24. Bd2 Rd4 25. Na4 Qxa4 26. Qc2 Qb5 27. Bc3 Rd3
28. Bxg7 Kxg7 29. f5 f6 30. Kh2 c4 31. bxc4 Qxc4 32. Qe2 Qc3 33. h4 Bb5 34. Qg4
0-1

[Event "KONIK MORSKI REWALA 2013-B"]
[Site "Rewal"]
[Date "2013.08.22"]
[Round "3.20"]
[White "Smieszek, Wojciech"]
[Black "Vakhitov, Dmitri"]
[Result "1-0"]
[WhiteElo "1887"]
[BlackElo "1664"]
[PlyCount "91"]
[EventDate "2013.??.??"]

1. e4 c5 2. Nf3 d6 3. d4 cxd4 4. Nxd4 Nf6 5. Nc3 a6 6. Be3 e5 7. Nb3 Be6 8. f3
Nbd7 9. Qd2 Be7 10. O-O-O b5 11. g4 Rc8 12. g5 Nh5 13. h4 O-O 14. Kb1 f5 15.
Bh3 Nb6 16. Na5 Nc4 17. Nxc4 Rxc4 18. Nd5 Rc6 19. exf5 Bxf5 20. Bxf5 Rxf5 21.
Nxe7+ Qxe7 22. Qd5+ Qf7 23. Qxc6 Rxf3 24. Qc8+ Qf8 25. Qxf8+ Kxf8 26. Rhf1 Rxf1
27. Rxf1+ Ke7 28. Rf3 d5 29. Bc5+ Ke6 30. Ra3 e4 31. Rxa6+ Ke5 32. c3 Nf4 33.
Bd6+ Kf5 34. Bxf4 Kxf4 35. Kc1 Kg3 36. g6 h5 37. Ra7 Kxh4 38. Rxg7 Kg5 39. Rg8
Kh6 40. g7 Kh7 41. Rh8+ Kxg7 42. Rxh5 b4 43. Rxd5 bxc3 44. bxc3 e3 45. Re5 e2
46. Rxe2 1-0

[Event "KONIK MORSKI REWALA 2013-B"]
[Site "Rewal"]
[Date "2013.08.22"]
[Round "3.21"]
[White "Kozaczynska, Aleksandra"]
[Black "Puroila, Sippo"]
[Result "1/2-1/2"]
[WhiteElo "1584"]
[BlackElo "1880"]
[PlyCount "66"]
[EventDate "2013.??.??"]

1. e4 Nf6 2. e5 Nd5 3. d4 d6 4. exd6 cxd6 5. Bc4 Nb6 6. Bb3 d5 7. c3 g6 8. Be3
Bg7 9. Nf3 Nc6 10. Nbd2 Na5 11. Bf4 O-O 12. O-O Bf5 13. Qe2 Re8 14. Rfe1 Rc8
15. Ne5 Nxb3 16. axb3 a6 17. Nd3 Bxd3 18. Qxd3 e6 19. Nf3 Nd7 20. Ne5 Nxe5 21.
Bxe5 Qe7 22. Ra5 Red8 23. Qf3 Qg5 24. Bf4 Qf6 25. Qe3 Qf5 26. Qd2 Rc6 27. Raa1
Rdc8 28. Be5 Bf8 29. h3 h5 30. Rac1 Kh7 31. Rcd1 Rb6 32. b4 Rbc6 33. Qd3 Qxd3
1/2-1/2

[Event "KONIK MORSKI REWALA 2013-B"]
[Site "Rewal"]
[Date "2013.08.22"]
[Round "3.22"]
[White "Maczka, Miroslawa"]
[Black "Fronczak, Sebastian"]
[Result "1-0"]
[WhiteElo "1563"]
[BlackElo "1859"]
[PlyCount "78"]
[EventDate "2013.??.??"]

1. c4 c5 2. g3 Nc6 3. Bg2 g6 4. Nc3 Bg7 5. Nf3 d6 6. d3 e5 7. O-O Nge7 8. Bd2
O-O 9. Rb1 Rb8 10. Qc1 Bg4 11. Bh6 Qd7 12. Bxg7 Kxg7 13. a3 a5 14. Nb5 h6 15.
Qd2 Rfd8 16. Rfd1 Kh7 17. e3 Qe6 18. Rdc1 b6 19. d4 Bxf3 20. Bxf3 Qf6 21. Bxc6
Nxc6 22. d5 Ne7 23. b4 axb4 24. axb4 g5 25. Ra1 Ng6 26. e4 Rg8 27. Ra7 Rg7 28.
Rca1 Qf3 29. R1a3 Qxe4 30. Nxd6 Qb1+ 31. Kg2 e4 32. Nf5 Rbg8 33. Nxg7 Rxg7 34.
d6 Nf4+ 35. gxf4 gxf4+ 36. Kh3 Qf1+ 37. Kh4 Rg3 38. fxg3 Qg2 39. Qxg2 fxg3 1-0

[Event "KONIK MORSKI REWALA 2013-B"]
[Site "Rewal"]
[Date "2013.08.22"]
[Round "3.23"]
[White "Kardasz, Wladyslaw"]
[Black "Kwasniewski, Pawel"]
[Result "0-1"]
[WhiteElo "1846"]
[BlackElo "1536"]
[PlyCount "56"]
[EventDate "2013.??.??"]

1. e4 c6 2. d4 d5 3. exd5 cxd5 4. c4 Nf6 5. Nc3 Nc6 6. Nf3 Bg4 7. Be2 e6 8. Be3
Bb4 9. a3 Ba5 10. O-O O-O 11. Rc1 Rc8 12. b4 Bb6 13. c5 Bc7 14. h3 Bh5 15. Bg5
h6 16. Be3 Qe7 17. b5 Na5 18. Ne5 Bxe2 19. Qxe2 Bxe5 20. dxe5 Nd7 21. Qg4 Nxe5
22. Qg3 Ng6 23. Na4 e5 24. Bd2 Nc4 25. Bb4 Rfe8 26. Rfd1 Nf4 27. Qf3 Qg5 28.
Kh2 e4 0-1

[Event "KONIK MORSKI REWALA 2013-B"]
[Site "Rewal"]
[Date "2013.08.22"]
[Round "3.25"]
[White "Matzkowiak, Roman"]
[Black "Drela, Michal"]
[Result "1-0"]
[WhiteElo "1802"]
[BlackElo "1643"]
[PlyCount "63"]
[EventDate "2013.??.??"]

1. c4 c6 2. Nc3 d5 3. d4 e6 4. e3 Nf6 5. Nf3 Bd6 6. Qc2 O-O 7. Bd3 dxc4 8. Bxc4
Nbd7 9. O-O Qc7 10. e4 e5 11. Be3 Ng4 12. h3 Nxe3 13. fxe3 h6 14. Rf2 Nf6 15.
Raf1 b5 16. Bb3 a5 17. a4 Ba6 18. axb5 cxb5 19. dxe5 Bxe5 20. Nxe5 Qxe5 21. Rf5
Qg3 22. R1f3 Qe1+ 23. Kh2 a4 24. Ba2 Rac8 25. e5 b4 26. exf6 g6 27. Rg5 Kh8 28.
Rxg6 Qh4 29. Rg4 Qe1 30. Rxb4 a3 31. Bb1 Rxc3 32. Qh7# 1-0

[Event "KONIK MORSKI REWALA 2013-B"]
[Site "Rewal"]
[Date "2013.08.22"]
[Round "3.26"]
[White "Czarnecki, Wojciech"]
[Black "Hagner, Pawel"]
[Result "1-0"]
[WhiteElo "2089"]
[BlackElo "1772"]
[PlyCount "47"]
[EventDate "2013.??.??"]

1. e4 d6 2. Nc3 g6 3. f4 Bg7 4. Nf3 Nf6 5. d4 O-O 6. h3 c5 7. Be3 cxd4 8. Nxd4
Qa5 9. Qd2 a6 10. g4 Nc6 11. Be2 Nxd4 12. Bxd4 b5 13. g5 Nd7 14. Bxg7 Kxg7 15.
Qd4+ Kg8 16. O-O-O Nb6 17. a3 Rb8 18. h4 f6 19. h5 Kg7 20. hxg6 hxg6 21. gxf6+
exf6 22. Qxd6 Rb7 23. Rh7+ Kg8 24. Rh8+ 1-0

[Event "KONIK MORSKI REWALA 2013-B"]
[Site "Rewal"]
[Date "2013.??.??"]
[Round "3.27"]
[White "Maliszewski, Jacek"]
[Black "Buraczewski, Rafal"]
[Result "0-1"]
[WhiteElo "1747"]
[BlackElo "1803"]
[PlyCount "50"]
[EventDate "2013.??.??"]

1. d4 e6 2. Nf3 d5 3. e3 a6 4. Bd3 c5 5. c3 Nf6 6. Nbd2 Be7 7. O-O Nc6 8. Re1
O-O 9. e4 cxd4 10. cxd4 dxe4 11. Nxe4 Nxd4 12. Ne5 Nxe4 13. Rxe4 f5 14. Re1 Bf6
15. Bc4 b5 16. Bb3 Bb7 17. Nd3 Nxb3 18. Qxb3 Bd5 19. Qb4 Rc8 20. Be3 a5 21. Qd2
Bc4 22. Rad1 Bxa2 23. Nc5 Qxd2 24. Rxd2 f4 25. Nd7 fxe3 0-1

[Event "KONIK MORSKI REWALA 2013-B"]
[Site "Rewal"]
[Date "2013.08.22"]
[Round "3.28"]
[White "Krzysztofiak, Zdzislaw"]
[Black "Miczek, Szczepan"]
[Result "1/2-1/2"]
[WhiteElo "1685"]
[BlackElo "1797"]
[PlyCount "58"]
[EventDate "2013.??.??"]

1. e4 c6 2. d4 d5 3. Nc3 dxe4 4. Nxe4 Bf5 5. Ng3 Bg6 6. h4 h6 7. h5 Bh7 8. Nf3
Nd7 9. Bd3 Bxd3 10. Qxd3 Ngf6 11. Bd2 e6 12. Qb3 Qb6 13. c4 Qxb3 14. axb3 Bd6
15. O-O-O Bxg3 16. fxg3 Ne4 17. Be1 O-O-O 18. Rh4 Nef6 19. Bf2 b6 20. Kc2 Rhe8
21. Ra1 Kb7 22. Ne5 Nxe5 23. dxe5 Nd7 24. Bd4 c5 25. Bc3 Nb8 26. Rf4 Rd7 27. b4
cxb4 28. Bxb4 Nc6 29. Bd6 f6 1/2-1/2

[Event "KONIK MORSKI REWALA 2013-B"]
[Site "Rewal"]
[Date "2013.08.22"]
[Round "3.29"]
[White "Prominski, Piotr"]
[Black "Rudol, Matylda"]
[Result "1-0"]
[WhiteElo "1796"]
[BlackElo "1483"]
[PlyCount "57"]
[EventDate "2013.??.??"]

1. e4 d5 2. exd5 Qxd5 3. Nc3 Qa5 4. d4 Nf6 5. Nf3 Bf5 6. Bc4 e6 7. Bd2 c6 8.
Qe2 Qc7 9. O-O-O Nbd7 10. Ne5 Bd6 11. Bf4 Rf8 12. Bg3 O-O-O 13. Rhe1 Nd5 14.
Nxd7 Rxd7 15. Ne4 Bxg3 16. hxg3 h6 17. Nc5 Rdd8 18. Bd3 Bxd3 19. Qxd3 Qa5 20.
Qc4 Nb6 21. Qb3 Rd6 22. a3 Rfd8 23. Qf3 Rxd4 24. b4 Qb5 25. Qxf7 Rxd1+ 26. Rxd1
Rxd1+ 27. Kxd1 Nd5 28. Qd7+ Kb8 29. Qd8# 1-0

[Event "KONIK MORSKI REWALA 2013-B"]
[Site "Rewal"]
[Date "2013.08.22"]
[Round "3.30"]
[White "Rudol, Maria"]
[Black "Niedbal, Piotr"]
[Result "1/2-1/2"]
[WhiteElo "1446"]
[BlackElo "1773"]
[PlyCount "90"]
[EventDate "2013.??.??"]

1. c4 d5 2. d4 c6 3. Nc3 Nf6 4. Bg5 dxc4 5. e3 b5 6. a4 b4 7. Na2 Ne4 8. Bf4 b3
9. Nc3 Nxc3 10. bxc3 Qa5 11. Qd2 Ba6 12. Nf3 Nd7 13. Be2 e6 14. O-O Be7 15. Qb2
O-O 16. Nd2 Nb6 17. Bc7 Nxa4 18. Bxa5 Nxb2 19. Nxb3 Rfb8 20. Nd2 Bb5 21. g3 Bd8
22. Bb4 a5 23. Ba3 Na4 24. Rfc1 Nb6 25. Bc5 Rb7 26. Ra2 Nd7 27. Ba3 Nb6 28. Bc5
h6 29. Kg2 Nd7 30. Ba3 Nb6 31. Bc5 a4 32. Bxb6 Bxb6 33. Bxc4 Bc7 34. Raa1 Bd6
35. Bf1 Bxf1+ 36. Kxf1 a3 37. c4 Bb4 38. Ke2 c5 39. Nf3 Rab8 40. Kd3 Rd8 41.
Ne5 Rb6 42. Rd1 Ra6 43. Nf3 g5 44. g4 Kg7 45. Rdb1 Kg8 1/2-1/2

[Event "KONIK MORSKI REWALA 2013-B"]
[Site "Rewal"]
[Date "2013.08.22"]
[Round "3.31"]
[White "Zhuk, Dmitriy"]
[Black "Sroka, Janusz"]
[Result "0-1"]
[WhiteElo "1593"]
[BlackElo "2095"]
[PlyCount "68"]
[EventDate "2013.??.??"]

1. e4 e5 2. d4 exd4 3. Qxd4 Nc6 4. Qe3 Nf6 5. Bd2 Bb4 6. Bd3 O-O 7. Nc3 d5 8.
exd5 Bxc3 9. Bxc3 Re8 10. dxc6 Rxe3+ 11. fxe3 Qe8 12. Ke2 Bg4+ 13. Nf3 Qxc6 14.
h3 Bh5 15. Rhg1 Re8 16. g4 Bg6 17. Nd4 Qb6 18. Kd2 c5 19. Nf5 c4 20. Bxf6 gxf6
21. Be2 Bxf5 22. gxf5+ Kf8 23. Rg2 Qxe3+ 24. Ke1 Qxh3 25. Rf2 Qh1+ 26. Rf1 Qe4
27. Rf2 Qxc2 28. Kf1 b5 29. b3 Re5 30. bxc4 bxc4 31. Re1 Rxf5 32. Bf3 Qd3+ 33.
Kg2 Rg5+ 34. Kh1 Qf5 0-1

[Event "KONIK MORSKI REWALA 2013-B"]
[Site "Rewal"]
[Date "2013.08.22"]
[Round "3.33"]
[White "Auvinen, Esa"]
[Black "Gajzner, Ryszrd"]
[Result "1-0"]
[WhiteElo "1956"]
[BlackElo "1755"]
[PlyCount "71"]
[EventDate "2013.??.??"]

1. e4 e6 2. d4 d5 3. Nc3 Nf6 4. Bg5 Bb4 5. exd5 Qxd5 6. Bxf6 gxf6 7. Nf3 Rg8 8.
Qd2 Bxc3 9. Qxc3 Nc6 10. g3 Bd7 11. a3 Qe4+ 12. Be2 O-O-O 13. Qd3 f5 14. O-O-O
Be8 15. Rhe1 Qxd3 16. Rxd3 f6 17. Bf1 Bh5 18. c3 e5 19. Nh4 exd4 20. Nxf5 dxc3
21. Rxc3 Kb8 22. Bg2 Ne5 23. Be4 Rd7 24. f4 Nf7 25. Bc2 Bg6 26. Ne7 Rgd8 27.
Bxg6 hxg6 28. Nxg6 Nh6 29. Rce3 Ng4 30. R3e2 f5 31. Nh4 Nh6 32. Re6 Rd6 33.
Rxd6 cxd6 34. Re6 Ng4 35. Nxf5 Nxh2 36. Rxd6 1-0

[Event "KONIK MORSKI REWALA 2013-B"]
[Site "Rewal"]
[Date "2013.08.22"]
[Round "3.32"]
[White "Kasianczuk, Krzysztof"]
[Black "Pietinen, Pekka"]
[Result "1-0"]
[WhiteElo "1560"]
[BlackElo "2015"]
[PlyCount "75"]
[EventDate "2013.??.??"]

1. e4 Nf6 2. e5 Nd5 3. d4 d6 4. c4 Nb6 5. f4 dxe5 6. fxe5 Nc6 7. Be3 Bf5 8. Nf3
e6 9. Nc3 Be7 10. Bd3 Bxd3 11. Qxd3 f6 12. exf6 Bxf6 13. O-O Qe7 14. Rfe1 O-O-O
15. a3 Qd7 16. Rad1 Na5 17. c5 Nd5 18. b4 Nc6 19. b5 Nce7 20. a4 Nxe3 21. Rxe3
Nf5 22. Re4 Rhe8 23. Qc4 c6 24. Ne5 Bxe5 25. dxe5 Qc7 26. Ree1 Rxd1 27. Nxd1
Qd7 28. Nf2 Qd2 29. Rd1 Qe3 30. bxc6 Qxe5 31. cxb7+ Kb8 32. Qb5 Rf8 33. c6 Qc3
34. a5 Ne3 35. Rb1 Nd5 36. Nd3 Qf6 37. Nc5 Qf2+ 38. Kh1 1-0

[Event "KONIK MORSKI REWALA 2013-B"]
[Site "Rewal"]
[Date "2013.08.22"]
[Round "3.34"]
[White "Jelen, Janusz"]
[Black "Kopica, Paulina"]
[Result "0-1"]
[WhiteElo "1931"]
[BlackElo "1750"]
[PlyCount "120"]
[EventDate "2013.??.??"]

1. d4 e6 2. c4 f5 3. Nf3 Nf6 4. Nc3 d5 5. cxd5 exd5 6. Bf4 c6 7. e3 Be7 8. Bd3
O-O 9. O-O Ne4 10. Nd2 Nd7 11. f3 Nxd2 12. Qxd2 Nf6 13. Qc2 g6 14. Bh6 Re8 15.
g4 Kh8 16. gxf5 gxf5 17. Bxf5 Bd6 18. Kh1 Rg8 19. Rg1 Qc7 20. f4 b6 21. Bg5 Ne8
22. Rg3 Qf7 23. Bd3 c5 24. Rag1 c4 25. Be2 Bf5 26. Qd1 Bg6 27. Bf3 Nc7 28. e4
dxe4 29. Nxe4 Be7 30. Bxe7 Qxe7 31. d5 Nb5 32. d6 Qf8 33. Qd5 a6 34. Qe5+ Rg7
35. Nf6 Raa7 36. d7 Nd6 37. Ne8 Raxd7 38. Nxg7 Rxg7 39. h4 Nf5 40. Rg4 Bh5 41.
Be4 Bxg4 42. Rxg4 Nh6 43. Rg5 Nf7 44. Qf6 Kg8 45. Bd5 Rxg5 46. fxg5 Qg7 47.
Qxb6 Qe5 48. Qd8+ Kg7 49. Qf6+ Qxf6 50. gxf6+ Kxf6 51. Bxc4 a5 52. Bxf7 Kxf7
53. Kg2 h5 54. Kf3 Ke7 55. Kf4 Kf6 56. Ke4 Ke6 57. a3 a4 58. Kd4 Kf5 59. b4
axb3 60. a4 b2 0-1

[Event "KONIK MORSKI REWALA 2013-B"]
[Site "Rewal"]
[Date "2013.08.22"]
[Round "3.35"]
[White "Czepczynski, Boguslaw"]
[Black "Posuniak, Weronika"]
[Result "0-1"]
[WhiteElo "1890"]
[BlackElo "1584"]
[PlyCount "58"]
[EventDate "2013.??.??"]

1. c4 c6 2. Nc3 d5 3. cxd5 cxd5 4. d4 Nc6 5. Nf3 Nf6 6. g3 Bg4 7. Bg2 e6 8. O-O
Bd6 9. a3 a6 10. b4 Rc8 11. Na4 b5 12. Nc5 Bxc5 13. bxc5 O-O 14. Bf4 Re8 15. h3
Bxf3 16. Bxf3 e5 17. dxe5 Nxe5 18. Bxe5 Rxe5 19. Qd4 Re7 20. Rfc1 Rec7 21. Rc3
Qe7 22. Rac1 Qd7 23. Kg2 h5 24. Rd3 Rd8 25. Qb4 Qc8 26. Qa5 Rdd7 27. Qb4 Rc6
28. a4 bxa4 29. Qxa4 Rxc5 0-1

[Event "KONIK MORSKI REWALA 2013-B"]
[Site "Rewal"]
[Date "2013.08.23"]
[Round "4.1"]
[White "Grabowski, Adam"]
[Black "Suliborski, Jakub"]
[Result "1/2-1/2"]
[WhiteElo "2086"]
[BlackElo "2002"]
[PlyCount "39"]
[EventDate "2013.??.??"]

1. Nf3 Nf6 2. d4 g6 3. Bg5 Ne4 4. Bf4 d6 5. Nbd2 Nxd2 6. Qxd2 Bg4 7. Ng5 h6 8.
Ne4 g5 9. Bg3 f5 10. f3 fxe4 11. fxg4 Qd7 12. e3 Bg7 13. Be2 O-O 14. O-O-O a5
15. h4 e6 16. hxg5 hxg5 17. Rh5 Qe7 18. d5 e5 19. c3 Nd7 20. Qc2 1/2-1/2

[Event "KONIK MORSKI REWALA 2013-B"]
[Site "Rewal"]
[Date "2013.08.23"]
[Round "4.2"]
[White "Zurkowski, Andrzej"]
[Black "Kostanski, Marcin"]
[Result "1-0"]
[WhiteElo "2003"]
[BlackElo "1930"]
[PlyCount "51"]
[EventDate "2013.??.??"]

1. d4 Nf6 2. c4 g6 3. Nc3 Bg7 4. e4 O-O 5. f4 d6 6. Nf3 c5 7. d5 e6 8. Be2 exd5
9. exd5 Re8 10. O-O Nbd7 11. Bd3 Ng4 12. h3 Ne3 13. Bxe3 Bxc3 14. bxc3 Rxe3 15.
Qd2 Re8 16. f5 Ne5 17. fxg6 fxg6 18. Nxe5 Rxe5 19. Rf3 Qe7 20. Raf1 Bd7 21. Qf2
Re8 22. Rf7 Qd8 23. Qg3 Re3 24. Qxd6 Bxh3 25. Qf4 Bc8 26. Qh6 1-0

[Event "KONIK MORSKI REWALA 2013-B"]
[Site "Rewal"]
[Date "2013.08.23"]
[Round "4.3"]
[White "Powalka, Michal"]
[Black "Stankiewicz, Pawel"]
[Result "1-0"]
[WhiteElo "1768"]
[BlackElo "2058"]
[PlyCount "81"]
[EventDate "2013.??.??"]

1. e4 a6 2. d4 b5 3. Bd3 Bb7 4. Nf3 e6 5. O-O Nf6 6. Re1 d5 7. e5 Nfd7 8. Bg5
Be7 9. Bxe7 Qxe7 10. Nc3 c5 11. dxc5 Nxc5 12. Ne2 Nc6 13. Ned4 Nxd3 14. Qxd3
O-O 15. Nxc6 Bxc6 16. Nd4 Qc5 17. a3 Rfc8 18. b4 Qe7 19. h3 Be8 20. Rab1 Rc4
21. Rb3 Rac8 22. f4 Qh4 23. Rf1 Bd7 24. Qe3 f6 25. exf6 Qxf6 26. Rd3 Re8 27.
Re1 Rf8 28. g3 Qh6 29. h4 Rfc8 30. Qe5 Rc3 31. Nf5 Qf6 32. Ne7+ Kf7 33. Nxc8
Rxc8 34. Qd6 Be8 35. Rde3 Rc6 36. Qb8 Qg6 37. c3 Qf6 38. Qa7+ Kf8 39. Qd4 Kf7
40. f5 Bd7 41. fxe6+ 1-0